000 00620nam a2200205Ia 4500
003 GCL
008 140319s9999 xx 000 0 ara d
040 _aGCL /
_cGCL
082 0 4 _a364.25
_bا ع
100 1 _aالسيد على شتا
245 1 0 _aعلم الاجتماع الجنائى /
_cالسيد على شتا
260 _a[S.N] :
_bمؤسسة شباب الجامعة ،
_c1993
300 _a221\
490 _a
650 0 4 _aالجريمة والمجرمون
650 0 4 _aالاجتماع
650 0 4 _aعلم النفس الجنائى
650 0 4 _aالاجتماع الجنائى
942 _2ddc
_cBK
999 _c58918
_d58918